000 00622nam a22002057a 4500
005 20130829110429.0
010 _aENG-108136
020 _a9788184247640
_c1350.00
035 _aEN-91669
037 _bDBAD/PUB
082 _a622.338
100 _aMitra, Niladri Kumar
245 _aPrinciples of artificial lift /
_cby Niladri Kumar Mitra
260 _aNew Delhi
_bAllied Publishers
_c2012
270 _bNew Delhi
_e110002
_a1/13-14 Asaf Ali Road
300 _ax,454p. :
_c24cm(Hb)
_bill.
500 _aIncludes bibliographical references
700 _aAdesh Kumar
942 _2ddc
_cEN
_mMIT
_h622.338
999 _c78008
_d78008